Record Goalscorers - Brazil - Statistics

General Stats
  • This quiz has been taken 593 times
    567 since last reset
  • The average score is 7 of 10
Answer Stats
Goals Games played Answer % Correct
79 128 Neymar
99%
77 92 Pele
98%
62 99 Ronaldo
96%
33 97 Ronaldinho
88%
35 76 Rivaldo
77%
55 71 Romario
73%
48 71 Zico
53%
40 77 Bebeto
37%
35 82 Jairzinho
30%
32 39 Ademir
6%
No matching quizzes found
Score Distribution
Percent of People with Each Score
Percentile by Number Answered
Your Score History
You have not taken this quiz since the last reset